<?xml version="1.0" encoding="UTF-8"?>
<record
    xmlns:xsi="http://www.w3.org/2001/XMLSchema-instance"
    xsi:schemaLocation="http://www.loc.gov/MARC21/slim http://www.loc.gov/standards/marcxml/schema/MARC21slim.xsd"
    xmlns="http://www.loc.gov/MARC21/slim">

  <leader>00859nam a22001697a 4500</leader>
  <controlfield tag="005">20230217110725.0</controlfield>
  <controlfield tag="008">230217b          mx ||||| |||| 00| 0 spa d</controlfield>
  <datafield tag="050" ind1="0" ind2="4">
    <subfield code="a">Z740.U515</subfield>
    <subfield code="b">U55 1993</subfield>
  </datafield>
  <datafield tag="110" ind1="2" ind2=" ">
    <subfield code="a">Universidad Autonoma Benito Juarez de Oaxaca. Biblioteca</subfield>
  </datafield>
  <datafield tag="245" ind1=" " ind2=" ">
    <subfield code="a">La imagen y la palabra : </subfield>
    <subfield code="b">libros del fondo bibliogr&#xE1;fico de la Universidad Aut&#xF3;noma Benito Ju&#xE1;rez de Oaxaca, octubre-diciembre de 1993 /</subfield>
    <subfield code="c">Universidad Aut&#xF3;noma Benito Ju&#xE1;rez de Oaxaca. Biblioteca</subfield>
  </datafield>
  <datafield tag="260" ind1=" " ind2=" ">
    <subfield code="a">[Oaxaca, M&#xE9;xico] : </subfield>
    <subfield code="b">Museo de Arte Contempor&#xE1;neo de Oaxaca, </subfield>
    <subfield code="c">[1993]</subfield>
  </datafield>
  <datafield tag="300" ind1=" " ind2=" ">
    <subfield code="a">64 p&#xE1;ginas : </subfield>
    <subfield code="b">ilustraciones ;</subfield>
    <subfield code="c">23 cm</subfield>
  </datafield>
  <datafield tag="610" ind1=" " ind2="7">
    <subfield code="2">lemb</subfield>
    <subfield code="a">Universidad Aut&#xF3;noma Benito Ju&#xE1;rez de Oaxaca</subfield>
    <subfield code="b">Biblioteca</subfield>
    <subfield code="x">Exposiciones</subfield>
  </datafield>
  <datafield tag="650" ind1=" " ind2="7">
    <subfield code="2">lemb</subfield>
    <subfield code="a">Libros raros </subfield>
    <subfield code="z">Oaxaca </subfield>
    <subfield code="v">Bibliograf&#xED;a </subfield>
    <subfield code="x">Exposiciones</subfield>
  </datafield>
  <datafield tag="710" ind1="2" ind2=" ">
    <subfield code="a">Museo de Arte Contempor&#xE1;neo de Oaxaca</subfield>
  </datafield>
  <datafield tag="942" ind1=" " ind2=" ">
    <subfield code="2">lcc</subfield>
    <subfield code="c">LIB</subfield>
  </datafield>
  <datafield tag="999" ind1=" " ind2=" ">
    <subfield code="c">166185</subfield>
    <subfield code="d">166183</subfield>
  </datafield>
  <datafield tag="952" ind1=" " ind2=" ">
    <subfield code="1">0</subfield>
    <subfield code="2">lcc</subfield>
    <subfield code="4">0</subfield>
    <subfield code="7">0</subfield>
    <subfield code="a">INV-033</subfield>
    <subfield code="b">INV-033</subfield>
    <subfield code="c">GENERAL</subfield>
    <subfield code="d">2023-02-17</subfield>
    <subfield code="f">1a ed.</subfield>
    <subfield code="i">H</subfield>
    <subfield code="k">EH</subfield>
    <subfield code="l">0</subfield>
    <subfield code="o">Z740.U515 U55 1993</subfield>
    <subfield code="p">IIH000034227</subfield>
    <subfield code="r">2023-02-17 00:00:00</subfield>
    <subfield code="t">C:1</subfield>
    <subfield code="v">1.00</subfield>
    <subfield code="y">LIB</subfield>
  </datafield>
</record>
